000 00516nam a2200181 a 4500
001 7077
005 20180713190952.0
008 140415s1977 ve 000 0 spa d
041 _aspa
082 _a333.8232
_bGRO
100 1 _aGROSSLING, BERNARD F.
245 1 3 _aEL PETROLEO DE AMERICA LATINA Y LA CRISIS DE LA ENERGIA
250 _a1a ed.
260 _aVENEZUELA :
_bEL CID EDITORES,
_c1977
300 _a113
490 _aCUADERNOS DE CIENCIA NUEVA
_v2
650 1 4 _aPETROLEO
_xAMERICA LATINA
999 _c7077
_d7077